| 000 | 01704nab a2200217 i 4500 | ||
|---|---|---|---|
| 001 | 768714001 | ||
| 003 | CO-MdFUSB | ||
| 005 | 20240612095926.0 | ||
| 008 | 240612t1959 sp ||||| |||| 00| 0 spa d | ||
| 040 |
_bspa _cCO-MdFUSB _dCO-MdFUSB |
||
| 041 | _aspa | ||
| 100 |
_aCaubet Iturbe, Francisco Javier, _eautor |
||
| 245 | 3 |
_aEl calendario de Enoc-Jubileos y el antiguo calendario hebreo _c/ Francisco Javier Caubet Iturbe |
|
| 520 | _aEn Io que va de siglo se ha escrito mucho sobre el modo de computar el tiempo los antiguos israelitas, sobre el calendario que usaban. Los autores dando a veces prueba de gran erudición y de investigación paciente de los datos de los libros sagrados, difieren en sus opiniones, principalmente cuando tratan de señalar Ia época en que tal o cual cómputo empezó o estuvo en vigor. La cuestión ha logrado renovada actualidad a raíz de los descubrimientos de Qumran, pues se ve que en varios lugares de las obras encontradas, especialmente en Ia Regla de Ia Comunidad (IQS), se hace referencia a tiempos, períodos de estaciones, ocurrencia de fiestas, etc., que parece indicar el uso de un calendario propio de aquella comunidad sectaria que allá por los siglos primero antes de Jesucristo y primero de nuestra era compuso esas obras, distinto del que entonces usaban los otros judíos. | ||
| 650 | 7 |
_aAntropología cultural y social _96714 |
|
| 650 | 0 |
_aUsos y costumbres _91167 |
|
| 650 | 7 |
_aCivilización _xHistoria _928 |
|
| 773 | 0 |
_070126 _982747 _dSalamanca, España : _oR2622 _tSalmanticensis _w(CO-MdFUSB)768714001 _gVolumen 6, (fascículo 1, 1959) páginas: 131 - 142 _qpágina: 131 |
|
| 942 | _cANA | ||
| 945 | _aCatherine Arias Álvarez - Practicante SENA | ||
| 999 |
_c70148 _d70148 |
||